LIBRARY & INFORMATION CENTRE, KCAET, TAVANUR

ONLINE PUBLIC ACCESS CATALOGUE (OPAC)

Mechanical Engineering (Objective Type) (Record no. 19030)

MARC details
000 -LEADER
fixed length control field 00386nam a22001577a 4500
003 - CONTROL NUMBER IDENTIFIER
control field OSt
008 - FIXED-LENGTH DATA ELEMENTS--GENERAL INFORMATION
fixed length control field 250115b |||||||| |||| 00| 0 eng d
041 ## - LANGUAGE CODE
Language code of text/sound track or separate title eng
082 ## - DEWEY DECIMAL CLASSIFICATION NUMBER
Classification number 621.8
Item number KHU/ME
100 ## - MAIN ENTRY--AUTHOR NAME
Personal name Khurmi, RS
245 ## - TITLE STATEMENT
Title Mechanical Engineering (Objective Type)
250 ## - EDITION STATEMENT
Edition statement 2nd
260 ## - PUBLICATION, DISTRIBUTION, ETC. (IMPRINT)
Place of publication New Delhi:
Name of publisher Publishing House
Year of publication 1985.
700 ## - ADDED ENTRY--PERSONAL NAME
Personal name Gupta, JK
942 ## - ADDED ENTRY ELEMENTS (KOHA)
Koha item type Books
Holdings
Withdrawn status Lost status Damaged status Home library Current library Date acquired Cost, normal purchase price Full call number Accession Number Koha item type
Withdrawn     KAUAET KAUAET 15/01/2025 40.00 621.8 KHU/ME 15343 Books
free website counter